| 000 | 00386cam a2200157ua 4500 | ||
|---|---|---|---|
| 041 |
_aeng _h |
||
| 082 |
_a664 _bBEN/IN |
||
| 100 | _aBannion, Marion . | ||
| 245 |
_aIntroductory foods / _cMarion bannion. _hTextual Documents |
||
| 250 |
_a7 / _b. |
||
| 260 |
_aNewyork : _bMacmillan publishing co. , _c1980. |
||
| 300 | _a582 ; . | ||
| 504 | _a | ||
| 942 | _cBK | ||
| 999 |
_c9194 _d9194 |
||